00918nam a2200217 a 4500001000900000005001700009008004100026020001500067050002500082100003500107245010700142260014600249300002400395440004300419504004100462651003800503700003000541942001100571999001300582952010500595BRCA_74520190320203131.0930809s1987 mx-a---##b---#000-0#spa-d a9688160741 4aF1386b.D57 12c19871 aNovo, Salvadord1904-1974999410aLa vida en la Ciudad de México en 1824cSalvador Novo ; con la colaboración de Miguel Capistrán. aMéxicobDepartamento del Distrito Federal : Secretaría General de Desarrollo Social : Comité Interno de Ediciones Gubernamentalesc1987 a133 p.bil.c21 cm. 0aColección Distrito Federalv1292467 aIncluye referencias bibliográficas 4aCiudad de MéxicoxHistoria96911 aCapistrán, Miguel92468 2lcccB c644d644 00104070aBRCAbBRCAd2008-06-26l0oF1386 .D57 12 1987p01142r2019-03-22 00:00:00w2019-03-22yB